Faculty of Law Library — Cairo University

Official Online Catalog

المجلة العربية للدفاع الاجتماعي. (Record no. 69858)

MARC details
000 -LEADER
fixed length control field 00820nas a2200217 i 4500
005 - DATE AND TIME OF LATEST TRANSACTION
control field 20260409150721.0
008 - FIXED-LENGTH DATA ELEMENTS--GENERAL INFORMATION
fixed length control field 260409d mr uu|j| |||| 00| 0 ara d
040 ## - CATALOGING SOURCE
Original cataloging agency EG-GICUC
Transcribing agency EG-GICUC
Modifying agency EG-GICUC
Description conventions rda
082 04 - DEWEY DECIMAL CLASSIFICATION NUMBER
Classification number 343.1
Edition information 21
245 02 - TITLE STATEMENT
Title المجلة العربية للدفاع الاجتماعي.
Number of part/section of a work العدد الثاني 1970 /
264 01 - PRODUCTION, PUBLICATION, DISTRIBUTION, MANUFACTURE, AND COPYRIGHT NOTICE
Place of production, publication, distribution, manufacture الرباط :
Name of producer, publisher, distributor, manufacturer المنظمة العربية للدفاع الاجتماعي ضد الجريمة-جامعة الدول العربية،
Date of production, publication, distribution, manufacture, or copyright notice 1970 -
300 ## - PHYSICAL DESCRIPTION
Extent مجلد ؛
Dimensions 26 سم.
336 ## - CONTENT TYPE
Source rda content
Content type term Text
337 ## - MEDIA TYPE
Source rda media
Media type term unmediated
338 ## - CARRIER TYPE
Source rda carrier
Carrier type term volume
362 0# - DATES OF PUBLICATION AND/OR SEQUENTIAL DESIGNATION
Dates of publication and/or sequential designation .
650 ## - SUBJECT ADDED ENTRY--TOPICAL TERM
Topical term or geographic name entry element القانون الجنائي
Form subdivision دوريات
856 ## - ELECTRONIC LOCATION AND ACCESS
Uniform Resource Identifier <a href="https://fll.law.cu.edu.eg/fulltext/cr/S10-00520.pdf">https://fll.law.cu.edu.eg/fulltext/cr/S10-00520.pdf</a>
905 ## - Cataloger
Cataloger name Nourhan Saeed
942 ## - ADDED ENTRY ELEMENTS (KOHA)
Source of classification or shelving scheme Dewey Decimal Classification
Koha item type Continuing Resources
Suppress in OPAC No
Holdings
Withdrawn status Lost status Source of classification or shelving scheme Damaged status Not for loan Collection Home library Current library Date acquired Total checkouts Barcode Date last seen Copy number Price effective from Koha item type
    Dewey Decimal Classification     القانون الجنائي جــــامعة القــاهرة مكتبة كلية الحقوق - المبنى الرئيسي 09.04.2026   S10-00520 09.04.2026 1 09.04.2026 Continuing Resources
    Dewey Decimal Classification     القانون الجنائي جــــامعة القــاهرة مكتبة كلية الحقوق - المبنى الرئيسي 09.04.2026   S10-00521 09.04.2026 2 09.04.2026 Continuing Resources
    Dewey Decimal Classification     القانون الجنائي جــــامعة القــاهرة مكتبة كلية الحقوق - المبنى الرئيسي 09.04.2026   S10-00543 09.04.2026 3 09.04.2026 Continuing Resources

© All rights reserved — Faculty of Law, Cairo University